000 00911cam a22002411a 4500
001 ne 67000708
003 DLC
005 20260227111831.0
008 850408s1966 ua 001 0 arar
010 _ane 67000708
035 _a(OCoLC)11894668
040 _aDLC
_cTxU-L
_dTxU-L
_dDLC
042 _apremarc
050 0 0 _aJX5771
_b.S5
100 1 _aShihata, Ibrahim F. I.,
_d1937-
245 1 3 _aal-Qānūn al-jawwī al-duwalī wa-qānūn al-faḍāʼ /
_cIbrāhīm Fahmī Ibrāhīm Shihatā.
260 _aal-Qāhirah :
_bDār al-Nahḍah al-ʻArabīyah,
_c1966.
300 _a594, x p. :
_btables ;
_c24 cm.
500 _aAdded title page: International air and space law : a treatise in Arabic with an English translation of the table of contents / by Ibrahim F. I. Shihata.
504 _aIncludes bibliographical references and index.
650 0 _aAirspace (International law)
650 0 _aSpace law.
999 _c49513
_d49513